000 nam a22 7a 4500
999 _c8808
_d8808
008 180312b ||||| |||| 00| 0 eng d
100 _926758
_aFickling, David.
245 _aWorld's longest flight heralds death of airline hubs/
_cDavid Fickling.
260 _aPhilippines:
_bManila Bulleting,
_cc2017.
300 _apage B-8.
650 0 _926759
_aAirplane industry.
942 _2ddc
_cPER